<?xml version="1.0" encoding="UTF-8"?>
<record
    xmlns:xsi="http://www.w3.org/2001/XMLSchema-instance"
    xsi:schemaLocation="http://www.loc.gov/MARC21/slim http://www.loc.gov/standards/marcxml/schema/MARC21slim.xsd"
    xmlns="http://www.loc.gov/MARC21/slim">

  <leader>05993nam a22007217a 4500</leader>
  <controlfield tag="001">113638</controlfield>
  <controlfield tag="003">DR-UNIBE</controlfield>
  <controlfield tag="005">20250812062550.0</controlfield>
  <controlfield tag="008">250515b2024    sp ||||| |||| 00| 0 spa d</controlfield>
  <datafield tag="020" ind1=" " ind2=" ">
    <subfield code="a">9788427731318</subfield>
  </datafield>
  <datafield tag="040" ind1=" " ind2=" ">
    <subfield code="a">BIBLIOTECA UNIBE</subfield>
    <subfield code="c">BIBLIOTECA UNIBE</subfield>
    <subfield code="e">rda</subfield>
  </datafield>
  <datafield tag="041" ind1=" " ind2=" ">
    <subfield code="a">spa</subfield>
  </datafield>
  <datafield tag="082" ind1=" " ind2=" ">
    <subfield code="a">370.7  P964n</subfield>
  </datafield>
  <datafield tag="245" ind1="0" ind2="3">
    <subfield code="a">El profesorado novel en la universidad : </subfield>
    <subfield code="b">oportunidades para su formaci&#xF3;n inicial y desarrollo profesional docente /</subfield>
    <subfield code="c"> Yasmina &#xC1;lvarez-Gonz&#xE1;lez [y otros treinta y tres]</subfield>
  </datafield>
  <datafield tag="260" ind1=" " ind2=" ">
    <subfield code="a">Madrid :  </subfield>
    <subfield code="b">Narcea ,</subfield>
    <subfield code="c">2024</subfield>
  </datafield>
  <datafield tag="300" ind1=" " ind2=" ">
    <subfield code="a">224 p&#xE1;ginas</subfield>
  </datafield>
  <datafield tag="490" ind1=" " ind2=" ">
    <subfield code="a">Universitaria</subfield>
  </datafield>
  <datafield tag="505" ind1=" " ind2=" ">
    <subfield code="a">1. La formaci&#xF3;n inicial del profesorado universitario en Espa&#xF1;a |
2. Formaci&#xF3;n, innovaci&#xF3;n, evaluaci&#xF3;n e investigaci&#xF3;n en docencia universitaria. Procesos comprometidos con la calidad del aprendizaje en Educaci&#xF3;n Superior |
3. El cambio docente del profesorado universitario de materias cient&#xED;ficas, t&#xE9;cnicas y sociales. El programa FIDOP de la Universidad de Sevilla  |
4. La investigaci&#xF3;n-acci&#xF3;n como proceso de desarrollo del profesorado novel |
5. La formaci&#xF3;n del profesorado novel en la UDC. El camino hacia una docencia transformadora |
6. Formar a los profesores noveles para mejorar la docencia. La experiencia de la Universidad de Almer&#xED;a |
7. Un programa de mentor&#xED;as para el profesorado novel: ProNov-ULL |
8. La evaluaci&#xF3;n formativa en el M&#xE1;ster de Docencia Universitaria para profesorado novel. El portafolio como estrategia de evaluaci&#xF3;n |
9. El desarrollo profesional docente en un mundo digital. El caso de las universidades valencianas |
10. Competencias docentes del profesorado universitario novel. Una propuesta formativa para doctorandos |
11. Primeros pasos en la formaci&#xF3;n docente universitaria en la Universidad de  Helsinki. Reflexiones de los participantes sobre su aprendizaje  |
12. La formaci&#xF3;n pedag&#xF3;gica y digital del profesorado novel en Dinamarca. El caso de la Universidad de Copenhague |
</subfield>
  </datafield>
  <datafield tag="520" ind1="3" ind2=" ">
    <subfield code="a">La Universidad se enfrenta, actualmente, a una serie de desaf&#xED;os significativos tales como la masificaci&#xF3;n en las aulas, la diversidad del perfil del alumnado, la falta de financiaci&#xF3;n, la internacionalizaci&#xF3;n, la generaci&#xF3;n del conocimiento socialmente responsable, la orientaci&#xF3;n hacia pol&#xED;ticas de inclusi&#xF3;n y sostenibilidad o el avance de propuestas de formaci&#xF3;n a lo largo de la vida en un entorno cada vez m&#xE1;s digital. En respuesta a estos retos, debe esforzarse en dise&#xF1;ar entornos que permitan realizar la labor de su profesorado en las condiciones necesarias, especialmente para aquellos que se inician en la docencia. Las experiencias iniciales del profesorado novel principiante conforman la base de su modelo de docente, lo cual condicionar&#xE1; sus rasgos de personalidad, motivaciones y actitudes durante su carrera profesional. Por tanto, la forma en que se estructuren los sistemas de apoyo y formaci&#xF3;n durante esta etapa resulta crucial. Este libro ha sido concebido con el prop&#xF3;sito de explorar algunos de los programas espec&#xED;ficos para la formaci&#xF3;n inicial docente en una selecci&#xF3;n de universidades p&#xFA;blicas en Espa&#xF1;a y Europa. Aglutina experiencias que ejemplifican las diversas modalidades formativas disponibles para el profesorado principiante reci&#xE9;n incorporados y muestra la evoluci&#xF3;n que algunas instituciones han experimentado a lo largo de los a&#xF1;os, as&#xED; como su integraci&#xF3;n en la estrategia institucional. Cada cap&#xED;tulo presenta una descripci&#xF3;n contextualizada del programa y destaca elementos que lo hacen &#xFA;nico, como el uso de portafolios, las mentor&#xED;as o la evaluaci&#xF3;n formativa. Adem&#xE1;s, se incluye un apartado de reflexi&#xF3;n y recomendaciones que pueden inspirar otros programas y contribuir a la mejora del sistema formativo universitario, especialmente en la etapa inicial de la ense&#xF1;anza y al desarrollo profesional docente</subfield>
  </datafield>
  <datafield tag="650" ind1=" " ind2="7">
    <subfield code="2">lemb</subfield>
    <subfield code="a">Ense&#xF1;anza</subfield>
  </datafield>
  <datafield tag="650" ind1=" " ind2="7">
    <subfield code="2">lemb</subfield>
    <subfield code="a">Competencias</subfield>
    <subfield code="9">44869</subfield>
  </datafield>
  <datafield tag="650" ind1=" " ind2="7">
    <subfield code="2">lemb</subfield>
    <subfield code="a">Profesores</subfield>
  </datafield>
  <datafield tag="650" ind1=" " ind2="7">
    <subfield code="2">lemb</subfield>
    <subfield code="a">Educaci&#xF3;n comparada</subfield>
    <subfield code="9">108864</subfield>
  </datafield>
  <datafield tag="650" ind1=" " ind2="7">
    <subfield code="2">lemb</subfield>
    <subfield code="a">Docencia</subfield>
    <subfield code="9">97841</subfield>
  </datafield>
  <datafield tag="653" ind1=" " ind2=" ">
    <subfield code="a">Desarrollo profesional docente</subfield>
  </datafield>
  <datafield tag="700" ind1="1" ind2=" ">
    <subfield code="a">Esteve, Francesc  </subfield>
    <subfield code="e">editor</subfield>
    <subfield code="9">195498</subfield>
  </datafield>
  <datafield tag="700" ind1="1" ind2=" ">
    <subfield code="a">S&#xE1;nchez-Tarazaga, Luc&#xED;a</subfield>
    <subfield code="e">editor</subfield>
    <subfield code="9">195499</subfield>
  </datafield>
  <datafield tag="700" ind1="1" ind2=" ">
    <subfield code="a">&#xC1;lvarez-Gonz&#xE1;lez, Yasmina</subfield>
    <subfield code="9">195501</subfield>
    <subfield code="e">autor</subfield>
  </datafield>
  <datafield tag="700" ind1="1" ind2=" ">
    <subfield code="a">Amador, Juan Antonio</subfield>
    <subfield code="9">195502</subfield>
    <subfield code="e">autor</subfield>
  </datafield>
  <datafield tag="700" ind1="1" ind2=" ">
    <subfield code="a">Arroyo-A&#xED;nsa, Patricia</subfield>
    <subfield code="9">195503</subfield>
    <subfield code="e">autor</subfield>
  </datafield>
  <datafield tag="700" ind1="1" ind2=" ">
    <subfield code="a">Brown, Martin</subfield>
    <subfield code="9">195504</subfield>
    <subfield code="e">autor</subfield>
  </datafield>
  <datafield tag="700" ind1="1" ind2=" ">
    <subfield code="a">Buils, Sara</subfield>
    <subfield code="9">195505</subfield>
    <subfield code="e">autor</subfield>
  </datafield>
  <datafield tag="700" ind1="1" ind2=" ">
    <subfield code="a">C&#xE1;ceres, Jos&#xE9;</subfield>
    <subfield code="9">195506</subfield>
    <subfield code="e">autor</subfield>
  </datafield>
  <datafield tag="700" ind1="1" ind2=" ">
    <subfield code="a">Climent, Esther</subfield>
    <subfield code="9">195507</subfield>
    <subfield code="e">autor</subfield>
  </datafield>
  <datafield tag="700" ind1="1" ind2=" ">
    <subfield code="a">Delord, Gabriela</subfield>
    <subfield code="9">195508</subfield>
    <subfield code="e">autor</subfield>
  </datafield>
  <datafield tag="700" ind1="1" ind2=" ">
    <subfield code="a">Foci&#xF1;os Fern&#xE1;ndez, Jos&#xE9; David</subfield>
    <subfield code="9">195509</subfield>
    <subfield code="e">autor</subfield>
  </datafield>
  <datafield tag="700" ind1="1" ind2=" ">
    <subfield code="a">Fortea, Miguel &#xC1;ngel </subfield>
    <subfield code="9">195510</subfield>
    <subfield code="e">autor</subfield>
  </datafield>
  <datafield tag="700" ind1="1" ind2=" ">
    <subfield code="a">Garc&#xE9;s-Delgado, Yaritza </subfield>
    <subfield code="9">195511</subfield>
    <subfield code="e">autor</subfield>
  </datafield>
  <datafield tag="700" ind1="1" ind2=" ">
    <subfield code="a">Garc&#xED;a Naya, Jos&#xE9; A.</subfield>
    <subfield code="9">195512</subfield>
    <subfield code="e">autor</subfield>
  </datafield>
  <datafield tag="700" ind1="1" ind2=" ">
    <subfield code="a">G&#xF3;mez del Pulgar, Sandra</subfield>
    <subfield code="9">195513</subfield>
    <subfield code="e">autor</subfield>
  </datafield>
  <datafield tag="700" ind1="1" ind2=" ">
    <subfield code="a">Gonz&#xE1;lez, Eva</subfield>
    <subfield code="9">195514</subfield>
    <subfield code="e">autor</subfield>
  </datafield>
  <datafield tag="700" ind1="1" ind2=" ">
    <subfield code="a">Harju, Vilhelmiina</subfield>
    <subfield code="9">195515</subfield>
    <subfield code="e">autor</subfield>
  </datafield>
  <datafield tag="700" ind1="1" ind2=" ">
    <subfield code="a">Kallunki, Veera</subfield>
    <subfield code="9">195516</subfield>
    <subfield code="e">autor</subfield>
  </datafield>
  <datafield tag="700" ind1="1" ind2=" ">
    <subfield code="a">Klingenberg, Lars </subfield>
    <subfield code="9">195517</subfield>
    <subfield code="e">autor</subfield>
  </datafield>
  <datafield tag="700" ind1="1" ind2=" ">
    <subfield code="a">Llopis, M&#xAA; &#xC1;ngeles</subfield>
    <subfield code="9">195518</subfield>
    <subfield code="e">autor</subfield>
  </datafield>
  <datafield tag="700" ind1="1" ind2=" ">
    <subfield code="a">L&#xF3;pez-Aguilar, David</subfield>
    <subfield code="9">195519</subfield>
    <subfield code="e">autor</subfield>
  </datafield>
  <datafield tag="700" ind1="1" ind2=" ">
    <subfield code="a">Marzo, Lourdes</subfield>
    <subfield code="9">195520</subfield>
    <subfield code="e">autor</subfield>
  </datafield>
  <datafield tag="700" ind1="1" ind2=" ">
    <subfield code="a">Misfeldt, Morten</subfield>
    <subfield code="9">195521</subfield>
    <subfield code="e">autor</subfield>
  </datafield>
  <datafield tag="700" ind1="1" ind2=" ">
    <subfield code="a">O&#x2019;Hara, Joe </subfield>
    <subfield code="9">195522</subfield>
    <subfield code="e">autor</subfield>
  </datafield>
  <datafield tag="700" ind1="1" ind2=" ">
    <subfield code="a">Orio, Cristina </subfield>
    <subfield code="9">195523</subfield>
    <subfield code="e">autor</subfield>
  </datafield>
  <datafield tag="700" ind1=" " ind2=" ">
    <subfield code="a">Pag&#xE9;s, Teresa</subfield>
    <subfield code="9">195524</subfield>
  </datafield>
  <datafield tag="700" ind1="1" ind2=" ">
    <subfield code="a">Pe&#xF1;a Cabanas, Ana M.</subfield>
    <subfield code="9">195525</subfield>
    <subfield code="e">autor</subfield>
  </datafield>
  <datafield tag="700" ind1="1" ind2=" ">
    <subfield code="a">P&#xE9;rez-Robles, Antonio</subfield>
    <subfield code="9">195526</subfield>
    <subfield code="e">autor</subfield>
  </datafield>
  <datafield tag="700" ind1="1" ind2=" ">
    <subfield code="a">Porl&#xE1;n, Rafael </subfield>
    <subfield code="9">195527</subfield>
    <subfield code="e">autor</subfield>
  </datafield>
  <datafield tag="700" ind1="1" ind2=" ">
    <subfield code="a">Pujol&#xE0;, Joan Tom&#xE0;s</subfield>
    <subfield code="9">195528</subfield>
    <subfield code="e">autor</subfield>
  </datafield>
  <datafield tag="700" ind1="1" ind2=" ">
    <subfield code="a">Rodr&#xED;guez-Conde, Mar&#xED;a-Jos&#xE9;</subfield>
    <subfield code="9">195529</subfield>
    <subfield code="e">autor</subfield>
  </datafield>
  <datafield tag="700" ind1="1" ind2=" ">
    <subfield code="a">S&#xE1;nchez Caball&#xE9;, Anna</subfield>
    <subfield code="9">195530</subfield>
    <subfield code="e">autor</subfield>
  </datafield>
  <datafield tag="700" ind1="1" ind2=" ">
    <subfield code="a">Seijas Ramos, Sonia</subfield>
    <subfield code="9">195531</subfield>
    <subfield code="e">autor</subfield>
  </datafield>
  <datafield tag="700" ind1="1" ind2=" ">
    <subfield code="a">Torres-Darias, N&#xE9;stor Vicente </subfield>
    <subfield code="9">195532</subfield>
    <subfield code="e">autor</subfield>
  </datafield>
  <datafield tag="700" ind1="1" ind2=" ">
    <subfield code="a">Ulstrup, Eva</subfield>
    <subfield code="9">195533</subfield>
    <subfield code="e">autor</subfield>
  </datafield>
  <datafield tag="700" ind1="1" ind2=" ">
    <subfield code="a">Vi&#xF1;oles Cosentino, Virginia </subfield>
    <subfield code="9">195534</subfield>
    <subfield code="e">autor</subfield>
  </datafield>
  <datafield tag="942" ind1=" " ind2=" ">
    <subfield code="2">ddc</subfield>
    <subfield code="c">BK</subfield>
  </datafield>
  <datafield tag="999" ind1=" " ind2=" ">
    <subfield code="c">113638</subfield>
    <subfield code="d">113638</subfield>
  </datafield>
  <datafield tag="952" ind1=" " ind2=" ">
    <subfield code="0">0</subfield>
    <subfield code="1">0</subfield>
    <subfield code="2">ddc</subfield>
    <subfield code="7">0</subfield>
    <subfield code="8">GEN</subfield>
    <subfield code="a">Principal</subfield>
    <subfield code="d">2025-05-15</subfield>
    <subfield code="l">1</subfield>
    <subfield code="o">370.7  P964n</subfield>
    <subfield code="p">250596</subfield>
    <subfield code="r">2025-05-21 09:12:45</subfield>
    <subfield code="s">2025-05-21</subfield>
    <subfield code="t">Ej. 1</subfield>
    <subfield code="w">2025-05-15</subfield>
    <subfield code="y">BK</subfield>
  </datafield>
</record>
